[Event "SRB-chT2 East"]
[Site "Serbia"]
[Date "2018.09.08"]
[Round "2.4"]
[White "Petkovic, Miodrag"]
[Black "Blazic, Ivica"]
[Result "1/2-1/2"]
[WhiteElo "1927"]
[BlackElo "2036"]
[PlyCount "21"]
[EventDate "2018.09.07"]
[EventType "team-tourn"]
[EventRounds "11"]
[EventCountry "SRB"]
[SourceTitle "EXT 2021"]
[Source "ChessBase"]
[SourceDate "2020.10.23"]
[SourceVersion "1"]
[SourceVersionDate "2020.10.23"]
[SourceQuality "1"]
[WhiteTeam "Nis Nais"]
[BlackTeam "Kursumlija"]
[WhiteTeamCountry "SRB"]
[BlackTeamCountry "SRB"]

1. e4 e5 2. Nf3 Nc6 3. Bb5 Bc5 4. c3 f5 5. d3 fxe4 6. dxe4 Nf6 7. Bg5 d6 8. Bxf6 Qxf6 9. Bxc6+ bxc6 10. 0-0 0-0 11. Nbd2 1/2-1/2

[Event "SRB-chT2 East"]
[Site "Serbia"]
[Date "2017.09.09"]
[Round "3.5"]
[White "Blazic, Ivica"]
[Black "Micovic, Nikola"]
[Result "1/2-1/2"]
[WhiteElo "2046"]
[BlackElo "1834"]
[PlyCount "104"]
[EventDate "2017.09.08"]
[EventType "team-tourn"]
[EventRounds "11"]
[EventCountry "SRB"]
[SourceTitle "EXT 2022"]
[Source "ChessBase"]
[SourceDate "2021.10.06"]
[SourceVersion "1"]
[SourceVersionDate "2021.10.06"]
[SourceQuality "1"]

1. e4 c5 2. c3 d6 3. d4 cxd4 4. cxd4 Nf6 5. Nc3 g6 6. Nf3 Bg7 7. Bb5+ Bd7 8. e5 dxe5 9. dxe5 Ng4 10. Bxd7+ Qxd7 11. Bf4 0-0 12. h3 Nh6 13. Qxd7 Nxd7 14. 0-0-0 Nb6 15. g4 f5 16. g5 Nf7 17. Nd5 Nxd5 18. Rxd5 Rac8+ 19. Kb1 Rc4 20. Be3 a6 21. Bd4 Rd8 22. Rxd8+ Nxd8 23. b3 Rc6 24. Bb2 Ne6 25. Rd1 Kf7 26. h4 b5 27. Rd7 Rc7 28. Rd1 Ke8 29. h5 Rd7 30. Rxd7 Kxd7 31. hxg6 hxg6 32. Kc2 Kc6 33. Ba3 Kd5 34. Bxe7 Bxe5 35. Kd3 Bd4 36. Nxd4 Nxd4 37. Bf6 Nc6 38. a3 Na5 39. Kc3 f4 40. a4 bxa4 41. bxa4 Nb7 42. Kb4 Kc6 43. f3 Nc5 44. Ka5 Kb7 45. Be5 Nd3 46. Bd6 Ne1 47. Bxf4 Nxf3 48. Kb4 Kc6 49. Kc4 Kb6 50. Kb4 Kc6 51. a5 Nh4 52. Kc4 Nf5 1/2-1/2

[Event "SRB-chT2 East"]
[Site "Serbia"]
[Date "2017.09.08"]
[Round "1.4"]
[White "Petrovic, Tijana"]
[Black "Blazic, Ivica"]
[Result "1/2-1/2"]
[WhiteElo "1797"]
[BlackElo "2046"]
[PlyCount "57"]
[EventDate "2017.09.08"]
[EventType "team-tourn"]
[EventRounds "11"]
[EventCountry "SRB"]
[SourceTitle "EXT 2022"]
[Source "ChessBase"]
[SourceDate "2021.10.06"]
[SourceVersion "1"]
[SourceVersionDate "2021.10.06"]
[SourceQuality "1"]

1. e4 e5 2. Nf3 Nc6 3. Bb5 Bc5 4. c3 f5 5. d4 fxe4 6. Bxc6 dxc6 7. Nxe5 Bd6 8. Qh5+ g6 9. Qe2 Bf5 10. g4 Be6 11. Nd2 Bxe5 12. dxe5 Qd3 13. Qxe4 Qxe4+ 14. Nxe4 Bxg4 15. 0-0 0-0-0 16. Bg5 Re8 17. Bf6 Nxf6 18. Nxf6 Bh3 19. Nxe8 Bxf1 20. Kxf1 Rxe8 21. Re1 Kd7 22. Kg2 Ke6 23. f4 Rd8 24. Kf2 Rd3 25. Re3 Rd2+ 26. Re2 Rd3 27. Re3 Rd2+ 28. Re2 Rd3 29. Re3 1/2-1/2

[Event "SRB Central-chT qual"]
[Site "Nis"]
[Date "2014.10.03"]
[Round "3"]
[White "Djordjevic, Danilo"]
[Black "Blazic, Ivica"]
[Result "1/2-1/2"]
[WhiteElo "2147"]
[BlackElo "2037"]
[PlyCount "127"]
[EventDate "2014.10.02"]
[EventType "team-tourn"]
[EventRounds "7"]
[EventCountry "SRB"]
[SourceTitle "CBM 163 Extra"]
[Source "ChessBase"]
[SourceDate "2014.12.23"]
[SourceVersion "1"]
[SourceVersionDate "2014.12.23"]
[SourceQuality "1"]

1. e4 e5 2. Nf3 Nc6 3. Bb5 Bc5 4. 0-0 Nd4 5. Bc4 Nxf3+ 6. Qxf3 Qf6 7. Qb3 Ne7 8. Nc3 a6 9. a4 0-0 10. d3 Qb6 11. Qxb6 Bxb6 12. Bg5 Bc5 13. Be3 Bxe3 14. fxe3 d6 15. Rf2 Be6 16. Nd5 Bxd5 17. Bxd5 Nxd5 18. exd5 f5 19. c4 Rae8 20. b4 g5 21. e4 f4 22. c5 Rf7 23. cxd6 cxd6 24. Rc1 Kg7 25. Rfc2 Kf6 26. Rb1 Rd7 27. b5 axb5 28. Rxb5 Ra8 29. Rc4 g4 30. Rb6 h5 31. Rcb4 g3 32. hxg3 fxg3 33. Rc4 Kg5 34. d4 Kf4 35. dxe5 Kxe5 36. Rb3 Rg7 37. Rf3 Rg5 38. Rf7 b5 39. axb5 Ra1+ 40. Rf1 Rxf1+ 41. Kxf1 Rg7 42. b6 Rf7+ 43. Kg1 Rb7 44. Rc6 h4 45. Kf1 Rf7+ 46. Kg1 Rf2 47. Rc4 Rb2 48. Kf1 Rxb6 49. Ke2 Rb3 50. Ra4 Kf4 51. e5+ Kxe5 52. Rxh4 Kxd5 53. Rg4 Kc5 54. Rg8 d5 55. Rd8 Kd4 56. Re8 Ra3 57. Re7 Ra2+ 58. Kf3 Rf2+ 59. Kxg3 Rf8 60. Kh4 Rh8+ 61. Kg4 Kd3 62. Kf5 Rf8+ 63. Ke5 d4 64. g4 1/2-1/2